Z kim grała ta reprezentacja? Mistrzostwa Świata w Katarze 2022. (1) - Statystyki

Ogólne statystyki
  • Ten quiz został rozwiązany 212 razy
  • Średni wynik to 6 z 7
Statystyki odpowiedzi
Francja Przeciwnik % Poprawnych
Finał Argentyna
97%
1/8 finału Polska
87%
Półfinał Maroko
85%
Pierwszy mecz fazy grupowej Australia
79%
Drugi mecz fazy grupowej Dania
76%
Ćwierćfinał Anglia
73%
Trzeci meczfazy grupowej Tunezja
65%
Nie znaleziono quizów pasujących do podanych kryteriów
Rozkład punktacji
Procent ludzi z każdym wynikiem
Percentyl według liczby udzielonych odpowiedzi
Twoja historia wyników
Nie rozwiązałeś tego quizu